000 00766nam a22002177a 4500
005 20100804122956.0
010 _aENG-100797
020 _c1595.00
_a8173043531(Series)
020 _c1595.00
_a9788173047725(vol x)
035 _aEN-84330
037 _bDBAD/PUB
082 _a921
245 _aJayaprakash Narayan :
_cedited by Bimal Prashad
_bselected works volume x ( 1972-1979)
260 _aNew Delhi
_bManohar
_c2009
270 _a4753/23 Ansari Road, Daryaganj
_bNew Delhi
_e110002
300 _aV.10. xlv,1012p
_b24cm (Hb)
500 _aIncludes index
700 _aPrashad, Bimal
_96065
942 _2ddc
_cEN
_h921
_mJAY
999 _c42361
_d42361